[Event "SRB-chT 1st League CS"]
[Site "Banja Vrujci"]
[Date "2022.10.06"]
[Round "8.1"]
[White "Petrovic, Dragoslav"]
[Black "Djordjevic, Dejan N"]
[Result "0-1"]
[WhiteElo "1955"]
[BlackElo "2156"]
[PlyCount "104"]
[EventDate "2022.10.01"]
[EventType "team-tourn"]
[EventRounds "11"]
[EventCountry "SRB"]
[SourceTitle "CBM 210 Extra"]
[Source "ChessBase"]
[SourceDate "2022.11.30"]
[SourceVersion "1"]
[SourceVersionDate "2022.11.30"]
[SourceQuality "1"]
[WhiteTeam "Jagodina Kablovi"]
[BlackTeam "Nis Nais"]
[WhiteTeamCountry "SRB"]
[BlackTeamCountry "SRB"]

1. d4 Nf6 2. c4 g6 3. Nc3 Bg7 4. e4 d6 5. Nf3 0-0 6. Be2 Nc6 7. 0-0 e5 8. dxe5 dxe5 9. Qxd8 Rxd8 10. Bg5 Rd7 11. Rfd1 h6 12. Be3 Rxd1+ 13. Rxd1 Be6 14. h3 Ne8 15. Nd5 Bf8 16. Ne1 f5 17. f3 Rc8 18. a3 Kf7 19. Nc2 Nf6 20. b4 b6 21. g4 fxe4 22. Nxf6 Kxf6 23. fxe4 Nd8 24. a4 Nc6 25. Bd2 Nd4 26. Rf1+ Ke7 27. Nxd4 exd4 28. Bd3 Bg7 29. Kg2 g5 30. Rc1 Be5 31. b5 Bd6 32. Be1 c6 33. Bf2 cxb5 34. axb5 Be5 35. Bg3 Bxg3 36. Kxg3 Kd6 37. Kf3 Ke5 38. Kg3 Rc7 39. Kf3 Rf7+ 40. Kg3 Kd6 41. Rc2 Bc8 42. Ra2 Be6 43. Ra1 Kc5 44. Ra2 Kb4 45. Rc2 Rc7 46. Kf3 Rc5 47. Rc1 Bxc4 48. Bxc4 Rxc4 49. Rxc4+ Kxc4 50. e5 Kxb5 51. Ke4 Kc6 52. Kxd4 b5 0-1

[Event "Jagodina op 7th"]
[Site "Jagodina"]
[Date "2014.03.12"]
[Round "8"]
[White "Stanisavljevic, Vladan"]
[Black "Petrovic, Dragoslav"]
[Result "0-1"]
[WhiteElo "1846"]
[BlackElo "2048"]
[PlyCount "92"]
[EventDate "2014.03.07"]
[EventType "swiss"]
[EventRounds "9"]
[EventCountry "SRB"]
[SourceTitle "CBM 159 Extra"]
[Source "ChessBase"]
[SourceDate "2014.04.24"]
[SourceVersion "1"]
[SourceVersionDate "2014.04.24"]
[SourceQuality "1"]

1. e4 e6 2. Nf3 d5 3. exd5 exd5 4. h3 Nf6 5. d4 Bd6 6. Bd3 h6 7. 0-0 0-0 8. Nc3 c6 9. Re1 Re8 10. Rxe8+ Qxe8 11. Qe2 Qxe2 12. Nxe2 Ne4 13. Bf4 Bxf4 14. Nxf4 Nd7 15. c4 Ndf6 16. cxd5 cxd5 17. Nxd5 Nxd5 18. Bxe4 Nf6 19. Bd3 Be6 20. b3 Rc8 21. Rd1 a6 22. Nd2 Rd8 23. Ne4 Nxe4 24. Bxe4 Bd5 25. Bxd5 Rxd5 26. Kf1 Kf8 27. Ke2 Ke7 28. Kd3 Rd7 29. Rc1 Kd6 30. f4 Rd8 31. g4 Re8 32. h4 Re7 33. b4 Re8 34. a4 b6 35. b5 axb5 36. axb5 Ra8 37. Ke4 Re8+ 38. Kf5 Kd5 39. Rc6 Kxd4 40. Rxb6 Rd8 41. g5 h5 42. Re6 fxe6+ 43. Kxe6 Rb8 44. Kf7 Ke4 45. Kxg7 Kxf4 46. Kh6 Kg4 0-1

[Event "Jagodina op 4th"]
[Site "Jagodina"]
[Date "2011.03.11"]
[Round "8"]
[White "Antonijevic, Milutin"]
[Black "Petrovic, Dragoslav"]
[Result "0-1"]
[WhiteElo "1832"]
[BlackElo "2022"]
[PlyCount "60"]
[EventDate "2011.03.05"]
[EventType "swiss"]
[EventRounds "9"]
[EventCountry "SRB"]
[SourceTitle "CBM 141 Extra"]
[Source "ChessBase"]
[SourceDate "2011.05.03"]
[SourceVersion "1"]
[SourceVersionDate "2011.05.03"]
[SourceQuality "1"]

1. Nf3 d5 2. d4 Nf6 3. e3 c6 4. c4 Bg4 5. Qb3 Qb6 6. Qxb6 axb6 7. Nbd2 e6 8. h3 Bh5 9. Bd3 Na6 10. a3 Nb4 11. Bb1 Bg6 12. Bxg6 hxg6 13. Rb1 Nd3+ 14. Ke2 Nxc1+ 15. Rhxc1 Bd6 16. Rc3 Ke7 17. Rb3 Bc7 18. cxd5 exd5 19. Ne5 Rhe8 20. Nd3 Kd7 21. Ne5+ Bxe5 22. dxe5 Rxe5 23. Rxb6 Kc7 24. Rb4 c5 25. Rc1 b6 26. Rf4 g5 27. Nf3 gxf4 28. Nxe5 fxe3 29. Kxe3 Re8 30. f4 Nd7 0-1

[Event "Jagodina op 3rd"]
[Site "Jagodina"]
[Date "2010.03.04"]
[Round "7"]
[White "Petrovic, Dragoslav"]
[Black "Nikolic, Milan"]
[Result "1-0"]
[WhiteElo "1991"]
[BlackElo "1881"]
[PlyCount "41"]
[EventDate "2010.02.27"]
[EventType "swiss"]
[EventRounds "9"]
[EventCountry "SRB"]
[SourceTitle "EXT 2024"]
[Source "ChessBase"]
[SourceDate "2023.10.10"]
[SourceVersion "1"]
[SourceVersionDate "2023.10.10"]
[SourceQuality "1"]

1. d4 Nf6 2. c4 e6 3. Nc3 c5 4. d5 exd5 5. cxd5 d6 6. e4 Be7 7. Bd3 0-0 8. h3 Nbd7 9. Nf3 Ne5 10. Nxe5 dxe5 11. 0-0 a6 12. a4 Bd7 13. Qe2 h6 14. f4 exf4 15. Bxf4 Re8 16. e5 Nh7 17. Rad1 Rc8 18. e6 c4 19. Bxh7+ Kxh7 20. Qc2+ f5 21. Qxf5+ 1-0

[Event "SRB-chT2 East"]
[Site "Golubac"]
[Date "2008.10.18"]
[Round "10.4"]
[White "Petrovic, Dragoslav"]
[Black "Zivkovic, Branimir"]
[Result "0-1"]
[WhiteElo "2051"]
[BlackElo "2217"]
[PlyCount "77"]
[EventDate "2008.09.14"]
[EventType "team"]
[EventRounds "11"]
[EventCountry "SRB"]
[SourceTitle "EXT 2012"]
[Source "ChessBase"]
[SourceDate "2011.11.24"]
[SourceVersion "1"]
[SourceVersionDate "2011.11.24"]
[SourceQuality "1"]

1. d4 Nf6 2. c4 g6 3. Nc3 Bg7 4. e4 d6 5. Nf3 0-0 6. Be2 Bg4 7. 0-0 Nbd7 8. Be3 a6 9. Qd2 Rb8 10. Rfd1 c6 11. h3 Bxf3 12. Bxf3 Qc7 13. Rac1 e5 14. dxe5 dxe5 15. b4 Rfd8 16. Qc2 Nf8 17. Na4 Ne6 18. Bb6 Rxd1+ 19. Rxd1 Qe7 20. Qc3 Nd7 21. Be3 Nd4 22. Bxd4 exd4 23. Qd2 Rd8 24. a3 Ra8 25. Nb2 a5 26. Nd3 h5 27. Qf4 axb4 28. axb4 Nf8 29. e5 Ne6 30. Qe4 Rd8 31. b5 Ng5 32. Qf4 Bh6 33. Qg3 Qe6 34. bxc6 bxc6 35. c5 Qb3 36. h4 Ne4 37. Qh3 Nc3 38. Rf1 Qb7 39. e6 0-1